MARKETING TO GENZ THE RULES FOR REACHING (Record no. 31595)
[ view plain ]
| 000 -LEADER | |
|---|---|
| fixed length control field | 00336nam a2200133Ia 4500 |
| 008 - FIXED-LENGTH DATA ELEMENTS--GENERAL INFORMATION | |
| fixed length control field | 240624s9999 xx 000 0 und d |
| 041 ## - LANGUAGE CODE | |
| Language code of text/sound track or separate title | eng |
| 082 ## - DEWEY DECIMAL CLASSIFICATION NUMBER | |
| Classification number | 658.83 FRO |
| 100 ## - MAIN ENTRY--PERSONAL NAME | |
| Personal name | FROMM JEFF |
| 245 ## - TITLE STATEMENT | |
| Title | MARKETING TO GENZ THE RULES FOR REACHING |
| 260 ## - PUBLICATION, DISTRIBUTION, ETC. | |
| Date of publication, distribution, etc. | 2018 |
| Place of publication, distribution, etc. | New York |
| Name of publisher, distributor, etc. | Amacom |
| 300 ## - PHYSICAL DESCRIPTION | |
| Extent | xxi, 202 p.; 23 cm. |
| 365 ## - TRADE PRICE | |
| Currency code | |
| Price amount | 35 |
| Withdrawn status | Lost status | Damaged status | Not for loan | Home library | Current library | Shelving location | Date acquired | Total Checkouts | Full call number | Barcode | Date last seen | Date last checked out | Copy number | Price effective from | Koha item type |
|---|---|---|---|---|---|---|---|---|---|---|---|---|---|---|---|
| IMTN | IMTN | Rack 37-B | 04/24/2019 | 2 | 658.83 FRO | 31595 | 10/17/2025 | 10/09/2025 | 72 | 06/24/2024 | Books |